000 00625nam a2200265Ia 4500
005 20260324153216.0
008 008 260324s9999 xx 000 0 eng d
020 _a9780124077935
037 _aEBOOK
040 _aCRL
040 _beng
040 _cCRL
041 _2eng
041 _aeng
084 _qCRL
100 _aSheffield, John
_91230877
245 0 _aFun in Fusion Research
260 _bElsevier
260 _c2013
650 _aPhysics and Astronomy
856 _uhttps://www.sciencedirect.com/science/book/9780124077935
942 _cEBOOK
999 _c1842180
_d1842180